000 00810nas a2200253 4500
001 BR0810146
003 BR-BrBNA
005 20231205112913.0
007 ta
008 230509b bl.|||p| |||| 00| 00por d
040 _aBR-BrBNA
_bpor
_cBiblioteca Nacional de Agricultura
041 _a(Pt)
072 _aP10
100 1 _aVasconcelos, S.M.S.
245 1 _aAvaliação da recarga subterrânea através da variação do nível potenciométrico no aqüifero Dunas / Paleodunas, Fortaleza, Ceará
650 _aÁGUA
650 _aVOLUME
650 _aDUNAS
650 _aFORTALEZA
650 _aCEARÁ
773 0 _tRevista Brasileira de Recursos Hídricos (Brazil)
_xISSN 1414-381X
_g(Apr-Mar 2005), v. 10(2) p. 49-57
_wBR0810146
909 _a202311
_bLúcia
_c55
_dLúcia Elande
942 _2AGRIS
_n0
_cANA
999 _c200701
_d200701